00653nam a2200169 a 450000100100000000500170001000800410002702000150006804000250008310000370010824500960014526000370024130000200027850000630029895201050036199900170046600003926520201002031553.0130619s1988 dr 000 0 spa d a8489533032 aDO-SdBNPbspacBNPHU1 aNúñez Llano, Fernando96546410aCompendio legal presupuestario del sector público dominicano /cFernándo Nuñez Llano. aSanto Domingo :bCenapec,c1988. a76 p. ;c22 cm. aIncluye datos biográficos del autor en la contracubierta 0010718PDaPDbPDcCTd2013-06-19iLF1l0o p39265-10r2020-06-25w2020-06-25yLFPDZNo se presta c38755d38755